00334 a2200145 4500003000400000005001700004008004100021020001800062040000900080082001500089245003600104250001200140260002600152300001000178OSt20240209104025.0240209b |||||||| |||| 00| 0 eng d a9780980727753 coclc a297bISR/M a Islamile Pravajakan Muhammad / a1st ed. aKuwait:bISRA,c2014. a272p.